00716nam a2200193 i 4500003000900000005001700009007000300026008004100029040003000070082001900100110009100119245013500210260003500345300002500380336002700405337003300432338002800465504002900493DO-SdBNP20250728095915.0ta250311s1999 dr 000 0 spa d aDO-SdBNPbspacBNPHUerda axxxxbR4262221 aRepública Dominicana. b Secretaria de Estado de Salud Pública y Asistencia Social10aNormas técnico administrativas del programa nacional de atención integral a la salud de los y las adolescentes :c(PRONAISA) / aSanto Domingo :bSESPAS,c1999 a67 páginasc22 cm. atextobtxt2rdacontent asin mediaciónbn2rdamedia avolumenbnc2rdacarrier aBibliografía p: 59-60.